MARC details
| 000 -CABECERA |
| campo de control de longitud fija |
00834nam a22002537a 4500 |
| 003 - IDENTIFICADOR DEL NÚMERO DE CONTROL |
| campo de control |
DO-SdBNP |
| 005 - FECHA Y HORA DE LA ÚLTIMA TRANSACCIÓN |
| campo de control |
20210827153926.0 |
| 007 - CAMPO FIJO DE DESCRIPCIÓN FÍSICA--INFORMACIÓN GENERAL |
| campo de control de longitud fija |
ta |
| 008 - DATOS DE LONGITUD FIJA--INFORMACIÓN GENERAL |
| campo de control de longitud fija |
210827e dr ac||gr|||| 001 0dspa d |
| 020 ## - NÚMERO INTERNACIONAL ESTÁNDAR DEL LIBRO |
| Número Internacional Estándar del Libro |
9789945091205 |
| 040 ## - FUENTE DE LA CATALOGACIÓN |
| Centro catalogador/agencia de origen |
DO-SdBNP |
| Lengua de catalogación |
spa |
| Centro/agencia transcriptor |
BNPHU |
| 041 ## - CÓDIGO DE LENGUA |
| Código de lengua original |
spa |
| 082 ## - NÚMERO DE LA CLASIFICACIÓN DECIMAL DEWEY |
| Número de documento/Ítem |
F515y |
| 100 1# - ENTRADA PRINCIPAL--NOMBRE DE PERSONA |
| Nombre de persona |
Fino, Francesco |
| 9 (RLIN) |
79609 |
| 245 13 - MENCIÓN DE TÍTULO |
| Título |
¿Y por qué no? / |
| Mención de responsabilidad, etc. |
Francesco Fino, Victoria Rincón S.; Tania Báez, pról.; Ana Blanco, editec. |
| 260 ## - PUBLICACIÓN, DISTRIBUCIÓN, ETC. |
| Lugar de publicación, distribución, etc. |
Santo Domingo : |
| Nombre del editor, distribuidor, etc. |
Editora Corripio, |
| Fecha de publicación, distribución, etc. |
[200?] |
| 300 ## - DESCRIPCIÓN FÍSICA |
| Extensión |
128 p.; |
| Otras características físicas |
il., retr. |
| Dimensiones |
23 cm |
| 500 ## - NOTA GENERAL |
| Nota general |
Incluye biografía del autor en la solapa. |
| 590 ## - NOTA LOCAL (RLIN) |
| Nota local |
Inventariado 2021/ MF |
| 700 #2 - PUNTO DE ACCESO ADICIONAL--NOMBRE DE PERSONA |
| Nombre de persona |
Báez , Tania |
| 9 (RLIN) |
72652 |
| Fechas asociadas al nombre |
1965 |
| Forma completa/desarrollada del nombre |
(Tania del Carmen Báez Sosa) |
| Término indicativo de función/relación |
pról. |
| 700 12 - PUNTO DE ACCESO ADICIONAL--NOMBRE DE PERSONA |
| Nombre de persona |
Rincón S., Victoria |
| 9 (RLIN) |
79610 |
| 710 ## - PUNTO DE ACCESO ADICIONAL--NOMBRE DE ENTIDAD CORPORATIVA |
| Nombre de entidad corporativa o nombre de jurisdicción como elemento de entrada |
Blanco, Ana |
| Término indicativo de función/relación |
editec. |
| 9 (RLIN) |
79611 |
| 942 ## - ELEMENTOS DE PUNTO DE ACCESO ADICIONAL (KOHA) |
| Fuente del sistema de clasificación o colocación |
Dewey Decimal Classification |
| Tipo de ítem Koha |
Libro |